000 01078nam a22003257a 4500
003 CHAP
005 20220329135205.0
008 971013s1937 r 00010 d
010 _a32377
011 _a33349
035 _a37464
040 _cCHAP
090 _aTesis
100 0 0 _aCruz López, Cándido.
_929473
245 _aEstudio preliminar agroeconómico del proyecto de riego Río Guayalejo. Xicotencatl, Tamps.
260 _aChapingo, Méx. :
_bEl autor,
_c1937
300 _a77 h.
_b: ilus.
502 _aTesis (Ing. Agr. Esp. en Irrigación) -- ENA
590 _aALEPH
_b10
_c20130110
_lUCH01
_h1255
590 _aBATCH-UPD
_b10
_c20130110
_lUCH01
_h2134
590 _aBATCH-UPD
_b10
_c20130410
_lUCH01
_h1444
590 _aBATCH-UPD
_b10
_c20130914
_lUCH01
_h1106
590 _aCONVERSION
_b10
_c20130109
_lUCH01
_h1318
650 1 4 _aDistrito de Riego Xicotencatl, Tamps.
_932956
650 1 4 _aIrrigación
_xProyectos
_xTamaulipas.
_960472
650 1 4 _aIrrigación
_xTamaulipas.
_960487
901 _aBK
942 _cTESIS
949 _bBC
_cTES
_d-85921
_eTS1
_i37464
_si
999 _c32377
_d32377